000 01218nam a2200265 i 4500
001 86315
003 ES-MaACL
005 20230906175423.0
007 t|
008 041227s1999 sp ||||1| spa d
080 _a932
080 _a935
245 0 0 _aRamsés [
_hRecurso electrónico].
260 _a[Madrid] :
_bDolmen,
_c[1999]
300 _a1 disco compacto (CD-ROM) :
_bson., col. ;
_c12 cm.
490 1 _aLa historia y sus protagonistas ;
_v1
500 _aRequerimientos del sistema: Procesador Pentium 200 MMX o superior, Memoria RAM 32 Mb o más, Espacio libre en disco duro de 10 Mb o más, Windows 95 o posterior, Tarjeta gráfica 2 Mb, Lector de CD-ROM 16X o superior, Tarjeta de sonido con capacidad de sonido digitalizado y MIDI.
505 8 _aContiene: Prehistoria . Egipto (desde el III milenio hasta el siglo IV a. C.) . Mesopotamia (desde el III milenio hasta el siglo IV a. C.)
600 0 4 _aRamsés
_bII
_cFaraón de Egipto-
_xBiografías-
_vCD-ROM.
_995379
651 4 _aEgipto-
_xCivilización-
_vCD-ROM.
_98139
651 4 _aMesopotamia-
_xHistoria-
_vCD-ROM.
_99057
830 1 _aLa historia y sus protagonistas ;
_v1
_9183979
852 _aES-MaACL
_jROT 1/4/7
999 _c86315
_d86315